000 00739na a2200241 4500
001 15919
003 MIRAKIL
005 20181213154938.0
008 160927b tu 000 0
020 _a9786058825604
040 _aMilas
_btur
_cTR-AnCHP
082 _a100
_bS69i 2010
090 _a100 S69i 2010
100 _aSoysal, Ahmet
_d1957-
245 _aİlke olarak yaşam üstüne notlar ya da mini-etika
_cAhmet Soysal ; yayıma hazırlayan Volkan Çelebi
260 _aİstanbul
_bMonokl
_c2010
300 _a53 s.
_c21 sm.
650 _aFelsefe
_xDuygular
_yDüşünceler
650 _aFelsefe
_xAdalet
_yDüşünceler
650 _aFelsefe
_xToplumsal yaşam
_yDüşünceler
700 _aÇelebi, Volkan
942 _2ddc
_cBKS
999 _c3641
_d3641